| 000 | 00595nam a22001937a 4500 | ||
|---|---|---|---|
| 003 | 0 | ||
| 005 | 20231023135850.0 | ||
| 008 | 231023b xxu||||| |||| 00| 0 eng d | ||
| 020 | _a978-1-265-53319-9 | ||
| 050 |
_aHG 4026 _b.C67 2022 |
||
| 245 | _aCorporate finance | ||
| 250 | _aThirteenth edition | ||
| 260 |
_aNew York _bMcGraw Hill, LLC _cc2022. |
||
| 300 |
_axxxii, 1022 pages : _bcolored illustrations ; _c27 cm. |
||
| 500 | _aCorporations--finances. | ||
| 504 | _aIncludes bibliographical references, glossary, and index. | ||
| 650 | _aCorporations--finances. | ||
| 942 |
_2lcc _cBK |
||
| 999 |
_c365548 _d365548 |
||